Responses for Show #2249 - Thursday, May 19, 1994

Contestants

[<< previous game]

Pat Allen, a bartender and antiques dealer from Norco, California

Don Terlinden, a computer graphic artist from Long Beach, California

Mark Bartos, a landscape designer originally from McHenry, Illinois (whose 2-day cash winnings total $16,602)

[next game >>]

Jeopardy! Round responses

THE OLD WEST
ACTORS & ACTRESSES
GEMS & JEWELRY
DINOSAURS
GET-TOGETHERS
JAPANESE
    $100 17
buffalo

Mark
    $100 12
Bobby Darin

Pat
    $100 9
(Pat: What is a ruby?)

a diamond

MarkPat
    $100 1
duck bill

Don
    $100 3
a roast

Pat
    $100 6
rice

Mark
    $200 18
brands

Mark
    $200 14
(Don: Who is Minona Ryder?)
[Originally ruled correct; reversed before clue 16]

Winona Ryder

Don
Triple Stumper
    $200 13
amber

Mark
    $200 2
the diplodocus

Pat
    $200 4
the reception

Mark
    $200 7
chopsticks

Mark
    $300 19
a ghost town

Pat
    $300 28
Dustin Hoffman

Mark
    $300 20
a sapphire

Pat
    $500 5
the 19th century

Mark
    $300 25
debutantes

Mark
    $300 8
bonsai

Pat
    $400 23
the range

Mark
    $400 29
Charlie Chan

Mark
    $400 21
a fire opal

Pat
    $400 15
China

Don
    $400 26
a seance

Don
    $400 10
a newspaper

Mark
    $500 24
Beaver

Pat
    $500 30
Tippi Hedren

Mark
    $500 22
topaz

Pat
    $500 16
velociraptor

Don
    $500 27
a lunch

Pat
    $500 11
England

Don

Scores at the first commercial break (after clue 15):

Mark Don Pat
$1,700 $800 $600

Scores at the end of the Jeopardy! Round:

Mark Don Pat
$3,900 $1,700 $3,100

Double Jeopardy! Round responses

U.S. CITIES
HISTORY
COLLEGES & UNIVERSITIES
ORGANIZATIONS
FOODS OF THE WORLD
LITERATURE
    $200 7
Phoenix

Mark
    $200 1
Haiti

Don
    $200 21
Helsinki

Pat
    $200 13
the United Nations

Pat
    $200 6
haggis

Pat
    $200 22
Australia

Mark
    $400 9
Richmond

Pat
    $400 2
The Statue of Liberty

Mark
    $400 23
(Don: What is Oxford?)

Cambridge

MarkDon
    $400 14
Agriculture

Pat
    $400 8
couscous

Don
    $400 28
Omar Khayyam

Mark
    $600 10
Oklahoma City

Pat
    $600 3
Genghis Khan

Pat
    $600 24
Richelieu

Mark
    $600 15
OPEC

Pat
    $600 18
Austria

Pat
    $1,000 29
(Mark: What is The Process?)

The Trial

Mark
    $800 11
(Pat: What's Portland?)
(Mark: What is Augusta?)

Bangor

MarkPat
Triple Stumper
    $800 4
Franz Joseph

Don
    $1,000 25
Harvard

Mark
    $800 16
(Mark: What are the Sierras?)
(Alex: Be more specific.)

the Sierra Nevada

Mark
    $800 19
bread

Mark
    $800 30
(Pat: Who is Dickens?)
(Don: Who is Hawthorne?)

Herman Melville

DonPat
Triple Stumper
    $1000 12
Tampa

Pat
    $1000 5
cuneiform

Mark
    $1000 26
(Pat: What's Nairobi?)
(Mark: What is Nigeria?)

Zaire

MarkDonPat
    $1000 17
waterskiing

Triple Stumper
    $1000 20
(Don: What is Roquefort?)

Stilton

MarkDon
    $1000 27
John Galsworthy

Triple Stumper

Scores at the end of the Double Jeopardy! Round:

Mark Don Pat
$7,900 $1,900 $5,300

[wagering suggestions for these scores]

Final Jeopardy! Round responses

18th CENTURY AMERICA
DonWho is Adams? Frank
$1,800
PatWho was John Adams?
$3,500
MarkWho is Ben Franklin
$2,701
John Adams

Final scores:

Mark Don Pat
$5,199 $3,700 $8,800
2nd place: trip to The Bahamas 3rd place: Retrroneu stainless steel flatware set New champion: $8,800

Game dynamics:

Coryat scores:

Mark Don Pat
$8,500 $1,900 $5,300
25 R
(including 2 DDs),
3 W
(including 1 DD)
9 R,
4 W
20 R,
4 W

Combined Coryat: $15,700

[game clues] [game scores] [suggest correction]

Game tape date: 1994-01-19
The J! Archive is created by fans, for fans. Scraping, republication, monetization, and malicious use prohibited; this site may use cookies and collect identifying information. See terms. The Jeopardy! game show and all elements thereof, including but not limited to copyright and trademark thereto, are the property of Jeopardy Productions, Inc. and are protected under law. This website is not affiliated with, sponsored by, or operated by Jeopardy Productions, Inc. Join the discussion at JBoard.tv.